Loading...

Digital reference services. V2. /

Bibliographic Details
Main Author: Forney, Mathew
Format: Printed Book
Language:English
Published: New Delhi: Dominant Publishers, 2003.
LEADER 00739nam a2200145Ia 4500
008 121027s9999 xx 000 0 eng d
020 |a 8178881373 
082 |b FOR/D.2 
100 |a Forney, Mathew 
245 |a Digital reference services. V2. / 
260 |a New Delhi:  |b Dominant Publishers,  |c 2003. 
300 |a 328 p. 
505 |a 1. Microcomputers and online reference 2. Reference services in the electronic era 3. Trends in digital reference services 4. Evaluating reference services 5. Digital reference services models 6. Digital reference services in an academic library 7. 
999 |c 54099  |d 54099 
952 |0 0  |1 0  |4 0  |6 025_000000000000000_524_FOR_D_2  |7 0  |9 54077  |a UL  |b UL  |c ST1  |d 2012-10-27  |l 0  |o 025.524, FOR/D.2  |p 77650  |r 2012-10-27  |w 2012-10-27  |y BK